Mycotoxic fungi, mycotoxins, mycotoxicoses: An encyclopedic handbook. V 1. Mycotoxic fungi and chemistry of mycotoxins (Record no. 28501)

MARC details
000 -LEADER
fixed length control field 00437nam a2200133Ia 4500
082 ## - DEWEY DECIMAL CLASSIFICATION NUMBER
Classification number 615.9
Item number WYL.1;2
245 #0 - TITLE STATEMENT
Title Mycotoxic fungi, mycotoxins, mycotoxicoses: An encyclopedic handbook. V 1. Mycotoxic fungi and chemistry of mycotoxins
260 ## - PUBLICATION, DISTRIBUTION, ETC. (IMPRINT)
Place of publication New York
Name of publisher Marcel Dekker
Year of publication 1977
650 ## - SUBJECT ADDED ENTRY--TOPICAL TERM
Topical Term Mycotoxins
700 ## - ADDED ENTRY--PERSONAL NAME
Personal name Morehouse, Lawrence G
700 ## - ADDED ENTRY--PERSONAL NAME
Personal name Wylle, Thomas D
942 ## - ADDED ENTRY ELEMENTS (KOHA)
Koha item type Books
Holdings
Withdrawn status Lost status Damaged status Not for loan Home library Current library Date acquired Cost, normal purchase price Full call number Accession Number Koha item type
        RRII Library RRII Library 16/12/2021 75.00 615.9 WYL.1;2 09101 Books